[Event "GER-chT Betriebe 14th"]
[Site "Dresden"]
[Date "2014.11.22"]
[Round "5.4"]
[White "Groeppel, Peter"]
[Black "Kaiser, Horst"]
[Result "1-0"]
[WhiteElo "1910"]
[BlackElo "1832"]
[PlyCount "150"]
[EventDate "2014.11.20"]
[EventType "team-swiss"]
[EventRounds "7"]
[EventCountry "GER"]
[SourceTitle "EXT 2020"]
[Source "ChessBase"]
[SourceDate "2019.10.17"]
[SourceVersion "1"]
[SourceVersionDate "2019.10.17"]
[SourceQuality "1"]
[WhiteTeam "Hamburg Baubehoerde"]
[BlackTeam "Berlin Deutsche Bahn/BSW II"]
[WhiteTeamCountry "GER"]
[BlackTeamCountry "GER"]

1. d4 Nf6 2. c4 d6 3. Nc3 g6 4. e4 Bg7 5. h3 0-0 6. Nf3 c6 7. Be3 Nbd7 8. Be2 e5 9. d5 c5 10. Nd2 a6 11. a4 b6 12. g4 Nb8 13. h4 Qd7 14. Rg1 h6 15. g5 hxg5 16. hxg5 Nh7 17. a5 Qd8 18. axb6 Qxb6 19. Ra2 Bd7 20. Bg4 Ra7 21. Bxd7 Rxd7 22. Nb3 f6 23. gxf6 Rxf6 24. Na5 Rdf7 25. Nc6 Nxc6 26. dxc6 Qxc6 27. Qd5 Qb6 28. Qa8+ Rf8 29. Qxa6 Qd8 30. b3 Rf3 31. Re2 Qh4 32. Kd2 Rxe3 33. fxe3 Ng5 34. Kd3 Nf3 35. Rf1 Qh3 36. Qa1 g5 37. Rh1 Qg3 38. Qf1 Nd4 39. Qg2 Nxe2 40. Qxe2 g4 41. Rh2 Rf3 42. Nd5 Kf7 43. Qa2 Kg6 44. Z0 Qg1 45. Ne7+ Kf6 46. Nf5 g3 47. Rg2 Qd1+ 48. Qd2 Qxb3+ 49. Ke2 Rf2+ 50. Rxf2 Qxc4+ 51. Kf3 gxf2 52. Qxf2 Qf7 53. Qh4+ Ke6 54. Qg4 Kf6 55. Nxd6 Ke7+ 56. Nf5+ Kf8 57. Qg5 Bf6 58. Qh6+ Kg8 59. Nd6 Qg7 60. Qh3 Qg5 61. Qe6+ Kh7 62. Qf5+ Kg8 63. Qxg5+ Bxg5 64. Nc4 Bf6 65. Kg4 Kf7 66. Kf5 Ke7 67. Nxe5 Bxe5 68. Kxe5 c4 69. Kd4 Ke6 70. Kxc4 Ke5 71. Kd3 Ke6 72. Kd4 Kd6 73. e5+ Ke6 74. e4 Ke7 75. Kd5 Kd7 1-0

[Event "EU-chT Seniors 15th"]
[Site "Dresden"]
[Date "2013.07.27"]
[Round "8"]
[White "Kaiser, Horst"]
[Black "Rantanen, Veikko J"]
[Result "0-1"]
[WhiteElo "1851"]
[BlackElo "1917"]
[PlyCount "64"]
[EventDate "2013.07.20"]
[EventType "team-swiss"]
[EventRounds "9"]
[EventCountry "GER"]
[SourceTitle "CBM 155 Extra"]
[Source "ChessBase"]
[SourceDate "2013.08.26"]
[SourceVersion "1"]
[SourceVersionDate "2013.08.26"]
[SourceQuality "1"]
[WhiteTeam "BSW/DBAG III"]
[BlackTeam "Turku"]
[WhiteTeamCountry "GER"]
[BlackTeamCountry "FIN"]

1. e4 e6 2. d4 d5 3. exd5 exd5 4. Nf3 Nf6 5. Bd3 Bg4 6. h3 Bh5 7. 0-0 Be7 8. Re1 0-0 9. Bf4 Nbd7 10. Bxc7 Qxc7 11. Rxe7 Qb6 12. g4 Qxb2 13. Nbd2 Bg6 14. Rb1 Qa3 15. Re3 Bxd3 16. Rxd3 Qa6 17. Re3 Rfe8 18. Ne5 h6 19. f4 Rac8 20. Ndf3 Nb6 21. Nd2 Qxa2 22. Rc1 Ne4 23. Nxe4 dxe4 24. g5 hxg5 25. fxg5 Qd5 26. c3 Nc4 27. Nxc4 Qxg5+ 28. Kh2 Rxc4 29. Rg3 Qf4 30. Qg1 e3 31. Kh1 Qe4+ 32. Kh2 g6 0-1

[Event "EU-chT Seniors 15th"]
[Site "Dresden"]
[Date "2013.07.26"]
[Round "7"]
[White "Dawson, Alastair G"]
[Black "Kaiser, Horst"]
[Result "1-0"]
[WhiteElo "1900"]
[BlackElo "1851"]
[PlyCount "55"]
[EventDate "2013.07.20"]
[EventType "team-swiss"]
[EventRounds "9"]
[EventCountry "GER"]
[SourceTitle "CBM 155 Extra"]
[Source "ChessBase"]
[SourceDate "2013.08.26"]
[SourceVersion "1"]
[SourceVersionDate "2013.08.26"]
[SourceQuality "1"]
[WhiteTeam "Scotland"]
[BlackTeam "BSW/DBAG III"]
[WhiteTeamCountry "SCO"]
[BlackTeamCountry "GER"]

1. d4 d6 2. Nf3 g6 3. Nc3 Bg7 4. e4 Nd7 5. Be3 Ngf6 6. h3 0-0 7. e5 Ne8 8. e6 fxe6 9. Bd3 Nb6 10. Qd2 Nf6 11. Bh6 Bd7 12. Bxg7 Kxg7 13. h4 Qe8 14. 0-0-0 h5 15. Ng5 Rc8 16. Rde1 c5 17. dxc5 Rxc5 18. Nxe6+ Bxe6 19. Rxe6 Qf7 20. Rhe1 Re5 21. R6xe5 dxe5 22. Rxe5 Nh7 23. Qe3 Nc8 24. Re6 Nf6 25. f3 Rd8 26. Qe5 Rd6 27. Bc4 Rxe6 28. Bxe6 1-0

[Event "GER-ch Seniors 22nd"]
[Site "Berlin"]
[Date "2010.08.19"]
[Round "4"]
[White "Vidic, Dobrivoje"]
[Black "Kaiser, Horst"]
[Result "0-1"]
[WhiteElo "1653"]
[BlackElo "1671"]
[PlyCount "48"]
[EventDate "2010.08.16"]
[EventType "swiss"]
[EventRounds "9"]
[EventCountry "GER"]
[SourceTitle "CBM 138 Extra"]
[Source "ChessBase"]
[SourceDate "2010.10.29"]
[SourceVersion "1"]
[SourceVersionDate "2010.10.29"]
[SourceQuality "1"]

1. e4 c5 2. Nf3 Nc6 3. d4 cxd4 4. Nxd4 Nf6 5. Nc3 d6 6. Be2 a6 7. Be3 g6 8. Qd2 Bg7 9. f3 Qc7 10. g4 h6 11. h4 Nxd4 12. Bxd4 e5 13. Be3 Be6 14. 0-0-0 Ke7 15. g5 hxg5 16. Bxg5 Kd7 17. f4 Ne8 18. f5 gxf5 19. exf5 Bxf5 20. Rhf1 Be6 21. Nd5 Bxd5 22. Qxd5 f6 23. Bg4+ Ke7 24. Qe6+ Kf8 0-1

[Event "GER-ch Seniors 22nd"]
[Site "Berlin"]
[Date "2010.08.18"]
[Round "3"]
[White "Kaiser, Horst"]
[Black "Kollowa, Kurt"]
[Result "0-1"]
[WhiteElo "1671"]
[BlackElo "1894"]
[PlyCount "58"]
[EventDate "2010.08.16"]
[EventType "swiss"]
[EventRounds "9"]
[EventCountry "GER"]
[SourceTitle "CBM 138 Extra"]
[Source "ChessBase"]
[SourceDate "2010.10.29"]
[SourceVersion "1"]
[SourceVersionDate "2010.10.29"]
[SourceQuality "1"]

1. c4 e5 2. Nc3 Nf6 3. g3 d5 4. cxd5 Nxd5 5. Bg2 Nb6 6. Nf3 Nc6 7. 0-0 Be7 8. d3 Be6 9. Be3 f5 10. Qc1 h6 11. Nd2 Nd5 12. Nxd5 Bxd5 13. Nf3 0-0 14. Bc5 Rf7 15. Bxe7 Rxe7 16. Re1 Rd7 17. Qc3 Qe7 18. e4 fxe4 19. dxe4 Bf7 20. a3 Rad8 21. Re3 Nd4 22. Rae1 c5 23. Nh4 g6 24. Bh3 Rc7 25. f4 exf4 26. Nxg6 Bxg6 27. gxf4 Kf8 28. f5 Bh5 29. Qc4 Nf3+ 0-1

[Event "GER-ch Seniors 22nd"]
[Site "Berlin"]
[Date "2010.08.16"]
[Round "1"]
[White "Kaiser, Horst"]
[Black "Bondick, Karl Heinz"]
[Result "0-1"]
[WhiteElo "1671"]
[BlackElo "2006"]
[PlyCount "41"]
[EventDate "2010.08.16"]
[EventType "swiss"]
[EventRounds "9"]
[EventCountry "GER"]
[SourceTitle "CBM 138 Extra"]
[Source "ChessBase"]
[SourceDate "2010.10.29"]
[SourceVersion "1"]
[SourceVersionDate "2010.10.29"]
[SourceQuality "1"]

1. c4 e5 2. Nc3 Nf6 3. d3 d5 4. cxd5 Nxd5 5. Nf3 Nc6 6. g3 Nde7 7. Bg2 Nf5 8. 0-0 Be7 9. Bd2 0-0 10. Rc1 Be6 11. h3 f6 12. Kh2 Qd7 13. a3 a5 14. Ne4 Rac8 15. Nc5 Bxc5 16. Rxc5 b6 17. Rc1 Ncd4 18. Nxd4 Nxd4 19. Rc3 a4 20. e3 Nb3 21. Qb1 0-1

[Event "EU-chT Seniors 10th"]
[Site "Dresden"]
[Date "2008.02.19"]
[Round "9.4"]
[White "Birkestrand, Odd Helge"]
[Black "Kaiser, Horst"]
[Result "1/2-1/2"]
[WhiteElo "1800"]
[BlackElo "1690"]
[PlyCount "122"]
[EventDate "2008.02.11"]
[EventType "team-swiss"]
[EventRounds "9"]
[EventCountry "GER"]
[SourceTitle "CBM 122 Extra"]
[Source "ChessBase"]
[SourceDate "2008.03.04"]
[SourceVersion "1"]
[SourceVersionDate "2008.03.04"]
[SourceQuality "1"]
[WhiteTeam "Norway IV"]
[BlackTeam "Berlin BSW"]
[WhiteTeamCountry "NOR"]
[BlackTeamCountry "GER"]

1. e4 c5 2. c3 e6 3. Nf3 Nc6 4. d4 cxd4 5. Nxd4 a6 6. Nxc6 bxc6 7. Bd3 d5 8. exd5 cxd5 9. 0-0 Nf6 10. Bg5 Be7 11. Qc2 h6 12. Bf4 Bd6 13. Bxd6 Qxd6 14. Qe2 0-0 15. Nd2 e5 16. h3 Re8 17. Rab1 Bd7 18. Rfd1 Qc6 19. c4 dxc4 20. Bxc4 Be6 21. Rbc1 Qb6 22. b3 Qa5 23. Bxe6 Rxe6 24. Nc4 Qb5 25. Qb2 e4 26. Ne3 Rc6 27. Rxc6 Qxc6 28. Rc1 Qe6 29. Rc5 Rc8 30. Qc3 Rxc5 31. Qxc5 g6 32. Nc4 Nh5 33. Qd6 Qf6 34. Qxf6 Nxf6 35. Nd6 Kf8 36. Nb7 Nd7 37. Kf1 Ke7 38. Ke2 f5 39. Ke3 Ke6 40. Kd4 Nf6 41. Nc5+ Kd6 42. Nxa6 g5 43. Nb4 h5 44. Nc2 g4 45. h4 f4 46. g3 e3 47. gxf4 exf2 48. Ne3 Nd5 49. Nf5+ Kc6 50. Ng3 Nxf4 51. Ke3 Ng2+ 52. Kxf2 Nxh4 53. Nxh5 Nf5 54. Ng3 Nd6 55. Ke3 Kb5 56. Ne4 Nb7 57. a3 Na5 58. Nc3+ Kc6 59. b4 Nc4+ 60. Kf4 Nxa3 61. Kxg4 Nb1 1/2-1/2

[Event "GER-ch Seniors Gp-B 19th"]
[Site "Templin"]
[Date "2007.08.31"]
[Round "9"]
[White "Meyer, Detlef"]
[Black "Kaiser, Horst"]
[Result "1/2-1/2"]
[WhiteElo "1778"]
[BlackElo "1632"]
[PlyCount "67"]
[EventDate "2007.08.23"]
[EventType "swiss"]
[EventRounds "9"]
[EventCountry "GER"]
[SourceTitle "EXT 2022"]
[Source "ChessBase"]
[SourceDate "2021.10.06"]
[SourceVersion "1"]
[SourceVersionDate "2021.10.06"]
[SourceQuality "1"]

1. e4 c5 2. Nf3 Nc6 3. d4 cxd4 4. Nxd4 Nf6 5. Nc3 d6 6. Be2 g6 7. 0-0 Bg7 8. Be3 0-0 9. h3 a6 10. Qd2 Qc7 11. Rad1 b5 12. Nxc6 Qxc6 13. Bf3 e5 14. Qxd6 Qxd6 15. Rxd6 Be6 16. a3 Rfc8 17. Rfd1 Bf8 18. R6d2 Kg7 19. Nd5 Bxd5 20. exd5 Bd6 21. g4 h6 22. h4 Rc4 23. b3 Rc3 24. g5 hxg5 25. hxg5 Nd7 26. Bg4 Nc5 27. Re2 Nb7 28. f4 Rxe3 29. Rxe3 Bc5 30. fxe5 Bxe3+ 31. Kg2 Bxg5 32. c4 bxc4 33. bxc4 Nc5 34. Kf3 1/2-1/2

[Event "Bahn-ch Seniors"]
[Site "Winterberg"]
[Date "2004.09.29"]
[Round "4"]
[White "Kaiser, Horst"]
[Black "Mueller, Roland2222"]
[Result "1-0"]
[WhiteElo "1622"]
[BlackElo "1716"]
[PlyCount "153"]
[EventDate "2004.09.26"]
[EventType "swiss"]
[EventRounds "7"]
[EventCountry "GER"]
[SourceTitle "EXT 2013"]
[Source "ChessBase"]
[SourceDate "2012.11.22"]
[SourceVersion "1"]
[SourceVersionDate "2012.11.22"]
[SourceQuality "1"]

1. e4 c5 2. Nf3 Nc6 3. d4 cxd4 4. Nxd4 Nf6 5. Nc3 e6 6. Ndb5 d6 7. Bf4 e5 8. Bg5 a6 9. Na3 Be6 10. Nc4 b5 11. Bxf6 gxf6 12. Ne3 Nd4 13. Ncd5 f5 14. c3 f4 15. cxd4 fxe3 16. Nxe3 Qa5+ 17. Qd2 Qa4 18. d5 Bd7 19. Bd3 Qd4 20. 0-0 Rc8 21. Rac1 Rxc1 22. Rxc1 Qb6 23. Qe2 Bh6 24. Rc2 0-0 25. Nf5 Bxf5 26. exf5 f6 27. Rc6 Qa5 28. a3 Rd8 29. Qc2 Qe1+ 30. Bf1 a5 31. Qe2 Qxe2 32. Bxe2 b4 33. axb4 axb4 34. b3 Bd2 35. Kf1 Bc3 36. f3 Bd4 37. Ba6 Kg7 38. Ke2 Bc5 39. Kd3 Rd7 40. Kc4 h5 41. Rxc5 dxc5 42. Kxc5 h4 43. d6 Kf8 44. Kd5 Ra7 45. Bb5 Kf7 46. Kc6 Ra1 47. Kc7 Rd1 48. Bc4+ Ke8 49. Bb5+ Kf7 50. Bc4+ Ke8 51. g3 hxg3 52. hxg3 Rd2 53. g4 Rd4 54. g5 fxg5 55. f6 e4 56. fxe4 g4 57. Bb5+ Kf7 58. d7 g3 59. Bf1 Kxf6 60. d8Q+ Rxd8 61. Kxd8 Ke5 62. Bg2 Kd4 63. Kd7 Kc3 64. e5 Kxb3 65. e6 Kc2 66. e7 b3 67. e8Q b2 68. Qc8+ Kd1 69. Qb8 Kc1 70. Qc7+ Kd1 71. Qd6+ Kc1 72. Qc5+ Kd1 73. Qd4+ Kc1 74. Qc3+ Kb1 75. Be4+ Ka2 76. Qc2 Ka3 77. Bd5 1-0

[Event "Bahn-ch Seniors"]
[Site "Winterberg"]
[Date "2004.09.27"]
[Round "2"]
[White "Kaiser, Horst"]
[Black "Haake, Helmut"]
[Result "1-0"]
[WhiteElo "1622"]
[BlackElo "1358"]
[PlyCount "79"]
[EventDate "2004.09.26"]
[EventType "swiss"]
[EventRounds "7"]
[EventCountry "GER"]
[SourceTitle "EXT 2013"]
[Source "ChessBase"]
[SourceDate "2012.11.22"]
[SourceVersion "1"]
[SourceVersionDate "2012.11.22"]
[SourceQuality "1"]

1. e4 e5 2. Nf3 Nc6 3. Bb5 a6 4. Ba4 Nf6 5. Nc3 Bc5 6. 0-0 0-0 7. d3 b5 8. Bb3 h6 9. a4 b4 10. Ne2 a5 11. c3 d6 12. h3 Be6 13. Bxe6 fxe6 14. Ng3 Qe7 15. Be3 Bxe3 16. fxe3 Rab8 17. Qc2 Kh7 18. d4 g6 19. Rad1 exd4 20. cxd4 Nd8 21. Rc1 Rc8 22. e5 Nd5 23. Qe4 Kg7 24. Nh4 Rxf1+ 25. Rxf1 Qg5 26. Rf3 Nf7 27. Ne2 Nh8 28. Rg3 Qh5 29. Nf4 Nxf4 30. Qxf4 Rf8 31. Qg4 Qxg4 32. Rxg4 g5 33. Nf3 Ng6 34. h4 Rf5 35. hxg5 hxg5 36. Nxg5 dxe5 37. Nxe6+ Kf6 38. Nxc7 exd4 39. exd4 Rf4 40. Nd5+ 1-0